000 01080nam0a22002531 4500
001 rc\1141862
005 20260407081435.0
035 _a(NLR Aleph) 006388276
090 _a5130828
_c5130828
100 _a20041129d1980 u y0rusy50 ca
101 0 _arus
102 _aRU
105 _aa |||||||||
200 1 _aИсследования в области технологии образования резьб, резьбообразующих инструментов, станков и методов контроля резьб
_eСб. науч. тр.
_fТул. политехн. ин-т
_g[Редкол.: Бобров В.Ф. (отв. ред.) и др.]
210 _aТула
_cТПИ
_d1980
215 _a150 с.
_cил.
_d20
320 _aБиблиогр. в конце работ
702 1 _aБобров
_bВ.Ф.
_gВсеволод Фомич
_4340
712 0 2 _aТульский политехнический институт
_3RU\NLR\AUTH\886982
_9285939
801 0 _aRU
_bNLR
_gpsbo
801 1 _aRU
_bELAR
_2rusmarc
852 _aNLR
_j81-3/1348
942 _cBOOK
980 _aNB